All Dutch Wars - Statistics

General Stats
  • This quiz has been taken 27 times
  • The average score is 30 of 110
Answer Stats
Years War % Correct
1945-1949 Indonesian Revolution
90%
1940-1945 WW2
90%
1792-1797 1st Coalition
86%
1799-1802 2nd Coalition
86%
1803-1806 3rd Coalition
86%
1806-1807 4th Coalition
86%
1809 5th Coalition
86%
1813-1814 6th Coalition
86%
1815 7th Coalition
86%
1808-1810 Peninsular War
86%
1805-1810 Franco-Swedish War
81%
1830 Belgian Revolution
76%
2003-2011 Iraq War
76%
2001-2021 War in Afghanistan
76%
1701-1714 War of Spanish Succession
76%
1950-1953 Korean War
71%
1652-1654 1st Anglo-Dutch War
67%
1665-1667 2nd Anglo-Dutch War
67%
1780-1784 4th Anglo-Dutch War
67%
1672-1678 Franco-Dutch War
67%
1775-1783 American Revolution
62%
1990-1991 Gulf War
62%
1998-1999 Kosovo War
62%
1598-1663 Dutch-Portuguese War
57%
2011 Libyan Civil War
57%
1672-1674 3rd Anglo-Dutch War
52%
1568-1648 Eighty Years War
52%
1787 Prussian Invasion
52%
1624-1636 Spanish-Siam War
52%
2014-2019 Syrian Civil War
52%
1740-1748 War of Austrian Succession
52%
1661-1665 Dano-Dutch War
48%
1831 Ten Days Campaign
48%
1900 Boxer Rebellion
43%
1873-1904 Aceh War
33%
1640-1668 Portuguese Restoration War
33%
1658-1660 Dano-Swedish War
29%
1741-1743 | 1825-1830 Java War
29%
1655-1660 2nd Northern War
24%
1846 | 1849-1850 | 1858 | +2 others Intervention in Bali
19%
1779-1781 1st Xhosa-Dutch War
14%
1789-1793 2nd Xhosa-Dutch War
14%
1799-1803 3rd Xhosa-Dutch War
14%
1740 Batavia Massacre
14%
1688-1697 Nine Years War
14%
1628-1629 Siege of Batavia
14%
1599-1605 Ternatean–Portuguese Conflicts
14%
1806-1807 Ashanti-Fante War
10%
1715-1726 Dutch-Algerian War
10%
1618-1622 Dutch-Barbary War
10%
1775-1777 Dutch-Moroccan War
10%
1885 Jambi Uprising
10%
1666-1669 Makassar War
10%
1803-1838 Padri War
10%
1688 Siamese Revolution
10%
1651-1656 The Great Ambon War
10%
1718-1720 War of Quadruple Alliance
10%
1824-1825 1st Bone War
5%
1666-1668 1st Dutch-Zamorin War
5%
1704-1707 1st Javanese War of Succession
5%
1659-1660 1st Khoikhoi–Dutch War
5%
1665-1666 1st Munster War
5%
1661-1664 1st Tondano War
5%
1780-1784 2nd Anglo-Mysore War
5%
1859-1860 2nd Bone War
5%
1670-1672 2nd Dutch-Zamorin War
5%
1719-1723 2nd Javanese War of Succession
5%
1673-1677 2nd Khoikhoi–Dutch War
5%
1672-1674 2nd Munster War
5%
1808-1809 2nd Tondano War
5%
1701-1710 3rd Dutch-Zamorin War
5%
1749-1757 3rd Javanese War of Succession
5%
1715-1718 4th Dutch-Zamorin War
5%
1753-1758 5th Dutch-Zamorin War
5%
1859-1863 Banjarmasin War
5%
1878-1907 Batak War
5%
1609-1701 Beaver Wars
5%
1643-1644 Cambodian-Dutch War
5%
1753-1773 Cirebon War
5%
1837-1839 Dutch-Ahanta War
5%
1659-1663 Esopus Wars
5%
1652 Guo Huaiyi Rebellion
5%
1719 Jacobite Rising
5%
1670-1675 | 1764-1766 Kandyan-Dutch War
5%
1826 Katamanso War
5%
1784 Kettle War
5%
1643-1645 Kiefts War
5%
1636 Lamey Island Massacre
5%
1884-1885 Mandor Rebellion
5%
1902 Merauke Uprising
5%
1618-1683 Ming-Qing War
5%
1655 Peach War
5%
1675-1679 Scanian War
5%
1730-1734 Sheikh Ahmad Madani Rebellion
5%
1637-1638 Shimabara Rebellion
5%
1863-1864 Shimonoseki Campaign
5%
1538-1540 Sinhalese–Portuguese War
5%
1763-1764 Slave Uprising
5%
1643-1645 Torstenson War
5%
1741-1757 Travancore-Dutch War
5%
1674-1680 Trunajaya Rebellion
5%
1615-1617 Uskok War
5%
1908 Venezuelan Crisis
5%
1689-1691 Williamite War
5%
No matching quizzes found
Score Distribution
Percent of People with Each Score
Percentile by Number Answered
Your Score History
You have not taken this quiz